Big Data Management and Analytics Concepts, Tools, and Applications
Salvato in:
| Autore principale: | |
|---|---|
| Altri autori: | , |
| Natura: | Libro |
| Lingua: | inglese |
| Pubblicazione: |
Boca Raton
CRC Press
2025
|
| Edizione: | 1st Edition |
| Soggetti: | |
| Tags: |
Nessun Tag, puoi essere il primo ad aggiungerne!!
|
MARC
| LEADER | 00000nam a2200000 4500 | ||
|---|---|---|---|
| 001 | 0312635 | ||
| 005 | 20251029122520.3 | ||
| 020 | |a 9781003190325 | ||
| 041 | 0 | |a eng | |
| 044 | |a US | ||
| 245 | 1 | 0 | |a Big Data Management and Analytics |b Concepts, Tools, and Applications |c Rajesh Jugulum ... [et al.] |
| 250 | |a 1st Edition | ||
| 264 | 1 | |a Boca Raton |b CRC Press |c 2025 | |
| 300 | |a 186 s. | ||
| 500 | |a Taylor and Francis e-books. | ||
| 610 | 2 | 0 | |a manažment informačný |
| 610 | 2 | 0 | |a Big Data |
| 610 | 2 | 0 | |a spracovanie dát |
| 610 | 2 | 0 | |a analýza dát |
| 610 | 2 | 0 | |a inteligencia umelá |
| 100 | 1 | |a Jugulum, Rajesh | |
| 700 | 1 | |a Fogarty, David J. | |
| 700 | 1 | |a Heien, Chris | |